Southville International School and Colleges
Your cart is empty.
  • Cart
  • Lists
    Public lists Eva Luna New books Lux_list list_1
    Your lists Log in to create your own lists
  • Log in to your account
  • Your cookies
  • Search history
Southville International School and Colleges
  • Advanced search
  • Recent comments
  • Most popular
  • Libraries

Log in to your account

Log in with GOOGLE


If you do not have an external account, but do have a local account, you can still log in:

  1. Home
  2. MARC view: Driving me crazy :
Normal view MARC view ISBD view

Driving me crazy : (Record no. 110382)

[ view plain ]
MARC details
000 -LEADER
fixed length control field 00739nam a2200217 a 4500
001 - CONTROL NUMBER
control field 0085
005 - DATE AND TIME OF LATEST TRANSACTION
control field 20140414131854.0
008 - FIXED-LENGTH DATA ELEMENTS--GENERAL INFORMATION
fixed length control field 040728s19uu xx 00 eng d
020 ## - INTERNATIONAL STANDARD BOOK NUMBER
International Standard Book Number 0-945912-05-6
050 ## - LIBRARY OF CONGRESS CALL NUMBER
Classification number M 808.7
Item number K28 1989
100 ## - MAIN ENTRY--PERSONAL NAME
Personal name Keller, Charles
245 ## - TITLE STATEMENT
Title Driving me crazy :
Remainder of title fun-onwheels jokes /
Statement of responsibility, etc compiled by Charles Keller ; illustrated by Lee Lorenz.
260 ## - PUBLICATION, DISTRIBUTION, ETC. (IMPRINT)
Place of publication, distribution, etc New York :
Name of publisher, distributor, etc Pippin Press,
Date of publication, distribution, etc 1989.
300 ## - PHYSICAL DESCRIPTION
Extent 1 v. : ill. ; cm.
520 ## - SUMMARY, ETC.
Summary, etc Jokes and riddles about cars, buses, trucks, bicyclesm motorcycles, and other vehicles on wheels.
650 ## - SUBJECT ADDED ENTRY--TOPICAL TERM
Topical term or geographic name as entry element Motor vehicles
General subdivision Juvenile humor.
650 ## - SUBJECT ADDED ENTRY--TOPICAL TERM
Topical term or geographic name as entry element Wheels
General subdivision Juvenile humor.
650 ## - SUBJECT ADDED ENTRY--TOPICAL TERM
Topical term or geographic name as entry element Riddles, Juvenile.
650 ## - SUBJECT ADDED ENTRY--TOPICAL TERM
Topical term or geographic name as entry element Wit and humor.
Holdings
Withdrawn status Lost status Damaged status Use restrictions Home library Current library Shelving location Date acquired Source of acquisition Total Checkouts Full call number Barcode Date last seen Price effective from Koha item type
        Munich Library Munich Library Main Section 07/28/2004     M 808.7 K28 1989 M0774 04/14/2014 04/14/2014 Books

Driving me crazy :

APA

Keller C., . (1989). Driving me crazy. New York: Pippin Press.

Chicago

Keller Charles, . 1989. Driving me crazy. New York: Pippin Press.

Harvard

Keller C., . (1989). Driving me crazy. New York: Pippin Press.

MLA

Keller Charles, . Driving me crazy. New York: Pippin Press. 1989.

  • Place hold
  • Print
  • Cite
  • Add to your cart (remove)
  • Save record
    BIBTEX Dublin Core MARCXML MARC (non-Unicode/MARC-8) MARC (Unicode/UTF-8) MARC (Unicode/UTF-8, Standard) MODS (XML) RIS
  • More searches
    Search for this title in:
    Other Libraries (WorldCat) Other Databases (Google Scholar) Online Stores (Bookfinder.com) Open Library (openlibrary.org)

Exporting to Dublin Core...

SOUTHVILLE LIBRARY

Southville International School and Colleges Library

1281 Tropical Ave. Cor. Luxembourg St., BF Homes International, Las Pinas City

Tel. No. 8256374 / 252358 Loc. 117/146

Powered by Koha